| 000 | 01188cam a2200313 a 4500 | ||
|---|---|---|---|
| 001 | 12375521 | ||
| 003 | OSt | ||
| 005 | 20150326160933.0 | ||
| 008 | 010410s2000 enka b 001 0 eng | ||
| 010 | _a 2001266306 | ||
| 020 | _a034075916X | ||
| 040 |
_aDLC _cDLC _dDLC |
||
| 050 | 0 | 0 |
_aRC521 _b.D452 2000 |
| 082 | 0 | 0 |
_aWM 100 D394j 2000 _221 |
| 245 | 0 | 0 |
_aDementia / _cedited by John O'Brien, David Ames, Alistair Burns. |
| 250 | _a2nd ed. | ||
| 260 |
_aLondon : _bArnold ; _aNew York : _bOxford University Press, _c2000. |
||
| 300 |
_axx, 940 p. : _bill. ; _c28 cm. |
||
| 504 | _aIncludes bibliographical references and index. | ||
| 650 | 0 |
_aDementia. _93387 |
|
| 700 | 1 |
_aO'Brien, John, _cDM. _93388 |
|
| 700 | 1 |
_aBurns, Alistair S. _93389 |
|
| 700 | 1 |
_aLevy, Raymond. _93390 |
|
| 856 | 4 | 1 |
_3Table of contents only _uhttp://www.loc.gov/catdir/enhancements/fy0611/2001266306-t.html |
| 856 | 4 | 2 |
_3Publisher description _uhttp://www.loc.gov/catdir/enhancements/fy0611/2001266306-d.html |
| 906 |
_a7 _bcbc _corigcop _d2 _encip _f20 _gy-gencatlg |
||
| 942 |
_2z _cSLOAN |
||
| 999 |
_c1268 _d1268 |
||